[Event "Madrid San Viator op 23rd"]
[Site "Madrid"]
[Date "2014.11.02"]
[Round "6"]
[White "Jarne Anguita, Miguel"]
[Black "Rodriguez Lucena, Angel"]
[Result "0-1"]
[WhiteElo "1387"]
[BlackElo "1741"]
[PlyCount "70"]
[EventDate "2014.09.28"]
[EventType "swiss"]
[EventRounds "9"]
[EventCountry "ESP"]
[SourceTitle "EXT 2016"]
[Source "ChessBase"]
[SourceDate "2015.10.08"]
[SourceVersion "1"]
[SourceVersionDate "2015.10.08"]
[SourceQuality "1"]

1. d4 f5 2. Nf3 Nf6 3. e3 g6 4. Bd3 Bg7 5. 0-0 d6 6. b3 0-0 7. Bb2 b6 8. Nbd2 Bb7 9. c4 Qe8 10. b4 Nbd7 11. Rc1 e5 12. Bb1 e4 13. Ng5 h6 14. Nh3 c5 15. bxc5 bxc5 16. d5 g5 17. Qb3 Rb8 18. Qa3 f4 19. Qxa7 f3 20. Kh1 fxg2+ 21. Kxg2 Qc8 22. Qa4 Ne5 23. Bxe5 dxe5 24. Qd1 Qf5 25. Ng1 Bc8 26. f3 exf3+ 27. Qxf3 Qg4+ 28. Qxg4 Nxg4 29. Rxf8+ Kxf8 30. e4 Rb2 31. Ngf3 Nf6 32. Rc2 Rb4 33. Nxe5 Nxe4 34. Nc6 Nxd2 35. Rxd2 Rxb1 0-1

[Event "Madrid San Viator op 23rd"]
[Site "Madrid"]
[Date "2014.10.19"]
[Round "4"]
[White "Rodriguez Lucena, Angel"]
[Black "Perdomo Araujo, Angel Eduardo"]
[Result "0-1"]
[WhiteElo "1741"]
[BlackElo "2055"]
[PlyCount "46"]
[EventDate "2014.09.28"]
[EventType "swiss"]
[EventRounds "9"]
[EventCountry "ESP"]
[SourceTitle "EXT 2016"]
[Source "ChessBase"]
[SourceDate "2015.10.08"]
[SourceVersion "1"]
[SourceVersionDate "2015.10.08"]
[SourceQuality "1"]

1. d4 d5 2. c4 e6 3. Nf3 Nf6 4. Nc3 Be7 5. e3 0-0 6. Bd3 dxc4 7. Bxc4 b6 8. 0-0 Bb7 9. Qe2 Ne4 10. Rd1 Nd7 11. Nxe4 Bxe4 12. b3 Nf6 13. Bb2 Qc8 14. Rac1 Qb7 15. Ne1 a5 16. f3 Bg6 17. Bb5 c5 18. dxc5 Bxc5 19. Bxf6 gxf6 20. Rd7 Qb8 21. Nd3 Bxd3 22. Qxd3 Qe5 23. Rc3 Rac8 0-1

[Event "Madrid San Viator op 22nd"]
[Site "Madrid"]
[Date "2014.03.30"]
[Round "2"]
[White "Rodriguez Lucena, Angel"]
[Black "Garcia Sanjuan, Jose"]
[Result "0-1"]
[WhiteElo "1706"]
[BlackElo "1867"]
[PlyCount "52"]
[EventDate "2014.03.23"]
[EventType "swiss"]
[EventRounds "9"]
[EventCountry "ESP"]
[SourceTitle "EXT 2015"]
[Source "ChessBase"]
[SourceDate "2014.11.20"]
[SourceVersion "1"]
[SourceVersionDate "2014.11.20"]
[SourceQuality "1"]

1. e4 b6 2. d4 Bb7 3. Bd3 Nf6 4. Qe2 Nc6 5. c3 e6 6. Nf3 Be7 7. Ng5 h6 8. Nxf7 Kxf7 9. e5 Nd5 10. Qh5+ Kg8 11. h4 Qf8 12. Rh3 Nf4 13. Bxf4 Qxf4 14. Nd2 Rf8 15. Rf3 Qxh4 16. Rxf8+ Kxf8 17. Qf3+ Ke8 18. g3 Qh3 19. 0-0-0 Rf8 20. Bg6+ Kd8 21. Qe2 Qg2 22. Rf1 Qd5 23. b3 Qa5 24. Nb1 Ba6 25. Bd3 Bxd3 26. Qxd3 Qxa2 0-1

[Event "Burgas op 17th"]
[Site "Ourense"]
[Date "2008.07.08"]
[Round "6"]
[White "Rodriguez Lucena, Angel"]
[Black "Otero Nogueira, Brais"]
[Result "0-1"]
[WhiteElo "1616"]
[BlackElo "1917"]
[PlyCount "62"]
[EventDate "2008.07.03"]
[EventType "swiss"]
[EventRounds "9"]
[EventCountry "ESP"]
[SourceTitle "CBM 125 Extra"]
[Source "ChessBase"]
[SourceDate "2008.09.01"]
[SourceVersion "1"]
[SourceVersionDate "2008.09.01"]
[SourceQuality "1"]

1. d4 Nf6 2. c4 g6 3. Nc3 Bg7 4. e4 d6 5. Bd3 0-0 6. Nge2 e5 7. d5 Nbd7 8. b4 a5 9. bxa5 Rxa5 10. f3 Nc5 11. 0-0 Nh5 12. Be3 b6 13. Bxc5 bxc5 14. Qd2 Ra8 15. Rab1 f5 16. Rb3 f4 17. Rfb1 Bd7 18. Rb7 g5 19. Nb5 Bxb5 20. R7xb5 Qd7 21. h3 Nf6 22. Nc3 h5 23. Be2 g4 24. hxg4 hxg4 25. Kf2 Kf7 26. Bf1 Rh8 27. Ke1 Rh2 28. Qf2 gxf3 29. Qxf3 Ng4 30. g3 Rf2 31. Qh1 Rh8 0-1